Using local feed resource ( rice bran+ water plan+ palm juice) for feeding fattening pig in kohrongsng village, angsnourl district, kandal province, ការចិញ្ចឹមជ្រូកដោយប្រើ កន្ទក់ សារាយ លាយជាមួយទឹកត្នោត នៅភូមិ កោះរងាង​ ឃុំពន្សាំង ស្រុកអង្គស្នួល ខេត្តកណ្តាល (Record no. 2023)

000 -LEADER
fixed length control field 00814nam a22001577a 4500
003 - CONTROL NUMBER IDENTIFIER
control field OSt
005 - DATE AND TIME OF LATEST TRANSACTION
control field 20151006132802.0
008 - FIXED-LENGTH DATA ELEMENTS--GENERAL INFORMATION
fixed length control field 151006b xxu||||| |||| 00| 0 eng d
040 ## - CATALOGING SOURCE
Transcribing agency RUA
082 ## - DEWEY DECIMAL CLASSIFICATION NUMBER
Classification number AVM TI 2000 B072 Or.1
100 ## - MAIN ENTRY--PERSONAL NAME
9 (RLIN) 2150
Personal name TI, NIMOL.
245 ## - TITLE STATEMENT
Title Using local feed resource ( rice bran+ water plan+ palm juice) for feeding fattening pig in kohrongsng village, angsnourl district, kandal province, ការចិញ្ចឹមជ្រូកដោយប្រើ កន្ទក់ សារាយ លាយជាមួយទឹកត្នោត នៅភូមិ កោះរងាង​ ឃុំពន្សាំង ស្រុកអង្គស្នួល ខេត្តកណ្តាល
260 ## - PUBLICATION, DISTRIBUTION, ETC. (IMPRINT)
Place of publication, distribution, etc. Phnom Penh
Name of publisher, distributor, etc. RUA
Date of publication, distribution, etc. 2000
300 ## - PHYSICAL DESCRIPTION
Extent vii; 50p.
Other physical details ill.
Dimensions 29cm.
942 ## - ADDED ENTRY ELEMENTS (KOHA)
Source of classification or shelving scheme
Koha item type AVM
Holdings
Price effective from Date last seen Permanent Location Not for loan Date acquired Source of classification or shelving scheme Koha item type Lost status Withdrawn status Date last checked out Total Checkouts Shelving location Damaged status Barcode Current Location Full call number
2015-10-062020-06-09Library Block B 2015-10-06 AVM  2020-06-082B072 RUA025971Library Block BAVM TI 2000 B072 Or.1
2015-10-062016-05-19Library Block B 2015-10-06 AVM  2016-05-021B072 RUA025979Library Block BAVM TI 2000 B072 Or.2
មជ្ឈមណ្ឌលឯការនៃសាកលវិទ្យាល័យភូមិន្ទកសិកម្មចំការដូង

Powered by Koha